|
|
|
|
| LEADER |
00000nam0a2200000 4500 |
| 001 |
103397 |
| 005 |
20231204104611.0 |
| 010 |
|
|
|a 593006055X
|
| 035 |
|
|
|a (RuTPU)RU\TPU\book\111473
|
| 090 |
|
|
|a 103397
|
| 100 |
|
|
|a 20061016d2006 m y0rusy50 ca
|
| 101 |
0 |
|
|a rus
|
| 102 |
|
|
|a RU
|
| 105 |
|
|
|a ac z 001eb
|
| 200 |
1 |
|
|a "Ваш рыцарь" Письма к М. К. Морозовой
|e 1901-1928
|f А. Белый
|g предисл., публ. и примеч. А. В. Лаврова и Джона Малмстада
|
| 210 |
|
|
|a Москва
|c Прогресс-Плеяда
|d 2006
|
| 215 |
|
|
|a 292 с.
|c ил., портр.
|
| 225 |
1 |
|
|a Русские поэты
|
| 320 |
|
|
|a Имен. указ.: с. 277-290.
|
| 330 |
|
|
|a В книге впервые публикуется по архивным источникам полный свод писем крупнейшего русского писателя-символиста Андрея Белого (Б. Н. Бугаева; 1880-1934) к Маргарите Кирилловне Морозовой (1873-1958) - вдове известного промышленника и мецената М. А. Морозова (1870-1903), учредительнице целого ряда благотворительных и культурных начинаний в Москве начала XX века (Религиозно-философское общество, издательство «Путь» и др.). В мистическом экстазе боготворил М. К. Морозову юный Андрей Белый; для него она была «Прекрасной Дамой» - воплощением зари и весны; позднее - близким другом. Письма к ней, по своему содержанию и образному строю созвучные с художественными произведениями Белого, имеют исповедальный характер: они выразительно обрисовывают внутренний мир писателя, раскрывают специфику его идейно-эстетических исканий в их становлении и развитии. Изобразительный ряд книги опирается прежде всего на альбом «Андрей Белый. Александр Блок. Москва» (М., 2005), а также на альбом «Рисунки русских писателей» (М., 1988), альбом на немецком языке «Андрей Белый. Символизм. Антропософия. Путь» (Дорнах, 1997) и другие издания, где воспроизводятся реликвии, хранящиеся в различных музеях, библиотеках и фондах, в Архиве «Наследие Р. Штейнера» (Дорнах, Швейцария). Ценную помощь оказали издателям сотрудники Государственного Литературного музея, Государственного музея А. С. Пушкина, Государственного музея-заповедника А. А. Блока «Шахматово», Музея-квартиры А. А. Блока (ГМИ СПб), Музея-квартиры Андрея Белого (ГМП), Музея-квартиры Валерия Брюсова «Серебряный век» (ГЛМ), Института русской литературы (Пушкинский Дом) РАН, Музея-мастерской скульптора А. С. Голубкиной (ГТГ). Особая благодарность - Елене Наседкиной, Монике Спивак, Евгению Кольчужкину.
|
| 600 |
|
1 |
|a Белый
|g Андрей
|b А.
|c русский писатель, поэт
|c символист
|f 1880-1934
|c настоящие имя и фамилия Бугаев Борис Николаевич
|2 stltpush
|3 (RuTPU)RU\TPU\pers\512
|
| 606 |
1 |
|
|a Русская литература современная
|x История и критика
|9 50317
|
| 610 |
1 |
|
|a литературоведение
|
| 610 |
1 |
|
|a письма
|
| 610 |
1 |
|
|a переписка
|
| 610 |
1 |
|
|a автобиографическая проза
|
| 610 |
1 |
|
|a символизм
|
| 610 |
1 |
|
|a русские писатели
|
| 610 |
1 |
|
|a 19 век
|
| 610 |
1 |
|
|a 20 век
|
| 675 |
|
|
|a 8Р2(092)
|v 4
|z rus
|
| 700 |
|
1 |
|a Белый
|b А.
|c русский писатель, поэт
|c символист
|c настоящие имя и фамилия Бугаев Борис Николаевич
|f 1880-1934
|g Андрей
|3 (RuTPU)RU\TPU\pers\512
|9 243
|
| 702 |
|
1 |
|a Лавров
|b А. В.
|4 220
|
| 702 |
|
1 |
|a Малмстад
|b Д.
|g Джон
|4 220
|
| 801 |
|
1 |
|a RU
|b 63413507
|c 20061016
|g PSBO
|
| 801 |
|
2 |
|a RU
|b 63413507
|c 20071010
|g PSBO
|
| 942 |
|
|
|c BK
|